00951nam a2200241 a 450000100100000000500170001000800410002702000150006804000250008308200170010810000290012524500750015426000370022930000280026649000390029450400420033365000590037574000560043483000460049091000380053695201200057499900150069400000564920200929151730.0930624b ck a b f001 0 spa  a9586120961 aDO-SdBNPbspacBNPHU a986.1bV432d1 aVelandia, Roberto.9750110aDescubrimiento y caminos de los llanos orientales /cRoberto Velandia. aBogotá :bColcultura,c[s.f.]. a303 p. :bil. ;c25 cm.1 aHistoria de la Biblioteca Nacional aIncluye referencias bibliográficas. 4aColombiaxHistoriaxDescubrimiento y conquista,9159810 aDescubrimientos y caminos de los llanos orientales. 0aHistoria de la Biblioteca Nacional915982 aCatalogación original noche /LC 001052708MOaGRbGRcCTd2009-08-20iLF1l0o986.1 V432dp5649-10r2020-06-25w2020-06-25y2ZPréstamo interno c5448d5448